Memorias de un "contrario" /
Guardado en:
| Autor Principal: | |
|---|---|
| Formato: | Libro |
| Idioma: | Undetermined |
| Publicado: |
Buenos Aires :
Editorial La Vanguardia,
1946.
|
| Materias: | |
| Etiquetas: |
Agregar Etiqueta
Sin Etiquetas, Sea el primero en etiquetar este registro!
|
| LEADER | 00490nam a22001575a 4500 | ||
|---|---|---|---|
| 001 | EHU.bham046539 | ||
| 005 | 20110513151535.0 | ||
| 008 | 110513s1946####ag############000#0#und#d | ||
| 100 | 1 | |a Besasso, Manuel V. | |
| 245 | 0 | 0 | |a Memorias de un "contrario" / |c Manuel V. Besasso. |
| 260 | |a Buenos Aires : |b Editorial La Vanguardia, |c 1946. | ||
| 300 | |a 253 p. | ||
| 653 | |a Memorias | ||
| 653 | |a Relatos | ||
| 653 | |a Manuel V. Besasso | ||
| 859 | |a AR-BHAM |b BIB. HUMANIDADES - Donacion Lejarraga |h MFN000758 |p 000758.19 | ||
